01608naa a22003737a 4500001001000000003000900010005001700019007000300036008003400039040005400073041000900127072002000136090001800156100001600174111008400190245014700274246013500421246006700556260004100623500011800664650001900782650001400801650001300815650001300828650001000841650001300851650001200864650002500876773011500901909003601016942001401052999001901066952014901085BR8501334BR-BrBNA20240918175548.0ta230509b bl.||||| |||| 00| 0 por d aBR-BrBNAbporcBiblioteca Nacional de Agricultura a(Pt) aF30b0150b3866 aF30 BR85013341 aBacha, R.E.1 a13. Reuniao da Cultura do Arroz IrrigadocCamboriu, SC (Brazil)d26-28 Sep 19841 aReacao de cultivares e linhagens de arroz irrigado a toxicidez de ferro [Oryza sativa, micronutriente, genetica vegetal, variedade resistente]1 aResponse to hay toxicity by cultivars and lines of irrigated rice [Oryza sativa, micronutrient, plant genetics, resistant variety]1 a[Proceedings of the 13. Meeting on Irrigated Rice Cultivation]3 aFlorianopolis, SC (Brasil): c1984.  aAnais da 13. Reuniao da Cultura do Arroz Irrigado Florianopolis, SC (Brasil): 1984. p. 145-155 (BR8501334-AM)F30  aARROZ IRRIGADO aVARIEDADE aLINHAGEM aGENOTIPO aFERRO aABSORCAO aTOXIDEZ aVARIEDADE RESISTENTE0 tAnais da 13. Reuniao da Cultura do Arroz IrrigadowF30 BR8501334gFlorianopolis, SC (Brasil), 1984. p. 145-155 a202404bLuciac55dLucia Elande cAM2AGRIS c317235d317235 002AGRIS40708Acervo Gerala41918b41918cAgrobasel0o0150 BR8501313r2024-05-20t01yAM10d2024-04-11ePortaria Interministerial nÂș 164/94